Homophones #1 - Statistics

General Stats
  • This quiz has been taken 320 times
  • The average score is 19 of 20
Answer Stats
Hint Answer % Correct
Sea See
100%
Their There/They're
100%
Deer Dear
99%
Ate Eight
99%
Write Right
99%
Son Sun
99%
To Too/Two
99%
Bear Bare
98%
Hi High
98%
Sail Sale
98%
Night Knight
97%
Wood Would
97%
Blue Blew
96%
Great Grate
96%
Stare Stair
96%
Flew Flu
95%
Hair Hare
95%
In Inn
95%
Who's Whose
95%
Rows Rose
90%
No matching quizzes found
Score Distribution
Percent of People with Each Score
Percentile by Number Answered
Your Score History
You have not taken this quiz